MARC details
| 000 -LEADER |
| fixed length control field |
01531cam a2200373 a 4500 |
| 001 - CONTROL NUMBER |
| control field |
14170853 |
| 003 - CONTROL NUMBER IDENTIFIER |
| control field |
OSt |
| 005 - DATE AND TIME OF LATEST TRANSACTION |
| control field |
20230619135048.0 |
| 008 - FIXED-LENGTH DATA ELEMENTS--GENERAL INFORMATION |
| fixed length control field |
051117s2005 sa b 000 0 eng d |
| 010 ## - LIBRARY OF CONGRESS CONTROL NUMBER |
| LC control number |
2005326891 |
| 020 ## - INTERNATIONAL STANDARD BOOK NUMBER |
| International Standard Book Number |
191991384X |
| 035 ## - SYSTEM CONTROL NUMBER |
| System control number |
(OCoLC)ocm61685679 |
| 040 ## - CATALOGING SOURCE |
| Original cataloging agency |
OI@ |
| Transcribing agency |
OI@ |
| Modifying agency |
DLC |
| 042 ## - AUTHENTICATION CODE |
| Authentication code |
lccopycat |
| -- |
lcode |
| 043 ## - GEOGRAPHIC AREA CODE |
| Geographic area code |
fb----- |
| 050 00 - LIBRARY OF CONGRESS CALL NUMBER |
| Classification number |
HD1333.A357 |
| Item number |
F76 2005 |
| 082 ## - DEWEY DECIMAL CLASSIFICATION NUMBER |
| Classification number |
302. |
| Item number |
HUG |
| 245 00 - TITLE STATEMENT |
| Title |
From the ground up : |
| Remainder of title |
land rights, conflict and peace in sub-Saharan Africa / |
| Statement of responsibility, etc. |
edited by Chris Huggins and Jenny Clover. |
| 260 ## - PUBLICATION, DISTRIBUTION, ETC. (IMPRINT) |
| Place of publication, distribution, etc. |
Pretoria, South Africa : |
| Name of publisher, distributor, etc. |
Institute for Security Studies, |
| Date of publication, distribution, etc. |
c2005. |
| 300 ## - PHYSICAL DESCRIPTION |
| Extent |
vii, 392 p. ; |
| Dimensions |
22 cm. |
| 500 ## - GENERAL NOTE |
| General note |
"A joint project of the African Centre for Technology Studies and the African Security Analysis Programme of the Institute for Security Studies." |
| 504 ## - BIBLIOGRAPHY, ETC. NOTE |
| Bibliography, etc |
Includes bibliographical references. |
| 650 #0 - SUBJECT ADDED ENTRY--TOPICAL TERM |
| Topical term or geographic name as entry element |
Land tenure |
| Geographic subdivision |
Africa, Sub-Saharan |
| Form subdivision |
Case studies. |
| 650 #0 - SUBJECT ADDED ENTRY--TOPICAL TERM |
| Topical term or geographic name as entry element |
Land reform |
| Geographic subdivision |
Africa, Sub-Saharan |
| Form subdivision |
Case studies. |
| 650 #0 - SUBJECT ADDED ENTRY--TOPICAL TERM |
| Topical term or geographic name as entry element |
Land use, Rural |
| Geographic subdivision |
Africa, Sub-Saharan. |
| 700 1# - ADDED ENTRY--PERSONAL NAME |
| Personal name |
Huggins, Christopher. |
| 700 1# - ADDED ENTRY--PERSONAL NAME |
| Personal name |
Clover, Jenny. |
| 710 2# - ADDED ENTRY--CORPORATE NAME |
| Corporate name or jurisdiction name as entry element |
African Centre for Technology Studies. |
| 710 2# - ADDED ENTRY--CORPORATE NAME |
| Corporate name or jurisdiction name as entry element |
Institute for Security Studies (South Africa). |
| Subordinate unit |
African Security Analysis Programme. |
| 856 41 - ELECTRONIC LOCATION AND ACCESS |
| Materials specified |
Table of contents |
| Uniform Resource Identifier |
<a href="http://www.loc.gov/catdir/toc/fy0607/2005326891.html">http://www.loc.gov/catdir/toc/fy0607/2005326891.html</a> |
| 906 ## - LOCAL DATA ELEMENT F, LDF (RLIN) |
| a |
7 |
| b |
cbc |
| c |
copycat |
| d |
3 |
| e |
ncip |
| f |
20 |
| g |
y-gencatlg |
| 942 ## - ADDED ENTRY ELEMENTS (KOHA) |
| Source of classification or shelving scheme |
Dewey Decimal Classification |
| Koha item type |
Books |